000 00549nam a2200169Ia 4500
008 090123s9999 xx 000 0 und d
082 _b1974
100 _aकुलकर्णी रा.पु.
245 _aडॉ. होमी भाभा
250 _a1
260 _bअेलोरा प्रिंटर्स
600 _aकुलकर्णी रा.पु.
630 _aडॉ. होमी भाभा
700 _aकुलकर्णी रा.पु.
730 _aडॉ. होमी भाभा
942 _cBOOK
999 _c40056
_d40056